Introduction to modern analysis

Αποθηκεύτηκε σε:
Λεπτομέρειες βιβλιογραφικής εγγραφής
Κύριος συγγραφέας: Kantorovitz, Shmuel
Μορφή: Βιβλίο
Γλώσσα:English
Δημοσίευση: Oxford ; New York : Oxford University Press, 2006
Σειρά:Oxford graduate texts in mathematics ; ; 8
Oxford science publications
Θέματα:
Ετικέτες: Προσθήκη ετικέτας
Δεν υπάρχουν, Καταχωρήστε ετικέτα πρώτοι!

MARC

LEADER 00000nam a2200000 i 4500
001 1/51972
008 070821s2006 eng d
020 |a 978-0-19-852656-8 
020 |a 0-19-852656-3 
035 |l 10089871 
040 |a GR-MY-UA  |b gre  |e aacr 
041 0 |a eng 
082 0 |a 515  |2 (22) 
100 1 |a Kantorovitz, Shmuel. 
245 1 0 |a Introduction to modern analysis /  |c Shmuel Kantorovitz 
260 |a Oxford ; New York :   |b Oxford University Press,   |c 2006 
300 |a xii, 434 σ.;  |c 24 εκ. 
490 1 |a Oxford graduate texts in mathematics  |v ; 8 
490 1 |a Oxford science publications 
504 |a Περιέχει βιβλιογραφικές παραπομπές (σ. [421]-424) και ευρετήριο 
650 0 0 |a Mathematical analysis. 
830 0 |a Oxford graduate texts in mathematics ;  |v ; 8 
830 0 |a Oxford science publications 
852 |a INST  |b SAMOS  |e 20070821  |h 515 KAN  |p 005300028478  |q 005300028478  |t BK  |y 0 
901 |a BIBL3-2007-2 
909 |a Σ  |b 137073 
922 |a 3ΕΛΗ  |b 200707  |c ΕΠΕΑΕΚ2/ΤΜΗΜΑ ΜΑΘΗΜΑΤΙΚΩΝ  |d ΠΑΠΑΣΩΤΗΡΙΟΥ 
970 |a ΡΟΥΣΣΟΥ  |b ΚΩΝΣΤΑΝΤΙΝΑ  |z 2007/08/21